Distribution par images - Le Gendarme et les Extraterrestres - Statistiques

Statistiques générales
  • Ce quiz a été pris 70 fois
  • Le résultat moyen est 5 sur 9
Statistiques - réponses
Par images Hint Réponse % Correct
Ludovic Cruchot Louis de Funès
100%
Jérôme Gerbert Michel Galabru
95%
Jules Berlicot Michel Modo
66%
Gaston Tricart Guy Grosso
63%
Extraterrestre Lambert Wilson
56%
Colonel Jacques François
52%
Henri Beaupied Maurice Risch
48%
Sœur Clothilde France Rumilly
28%
Charles Taupin Jean-Pierre Rambal
22%
Aucun quiz correspondant
Distribution des résultats
% des personnes avec chaque résultat
Percentile par nombre de réponses
Votre historique - résultats
Vous n’avez pas pris ce quiz